Ley No 5662

Enregistré dans:
Détails bibliographiques
Collectivité auteur: Costa Rica. Asamblea Legislativa
Format: Texte
Publié: San José: Asamblea Legislativa
Tags: Ajouter un tag
Pas de tags, Soyez le premier à ajouter un tag!

MARC

LEADER 00000 a a2200000 04500
001 21208
003
040 |a CRAI/IIS  |c CRAI/IIS 
090 |a 092400  
110 |a Costa Rica. Asamblea Legislativa  
245 |a Ley No 5662  
260 |a San José:   |b Asamblea Legislativa  
300 |a 9 p.  
999 |c 16951  |d 16951